00928nam a2200265 a 4500008004100000020003000041040001500071100003400086245011500120250002000235260005400255300006100309336002600370337002800396338002700424500002000451650002700471650002600498650002500524650003600549650002700585700003200612003000100644005001700645  a9780128122754 (paperback) aNUSTcNUST1 aPatterson, David A.,aauthor.10aComputer organizatio and design :bthe hardware and software interface/c David A Patterson & John L Hennessy. aRISC-V edition. aCambridge, MA (U.S.A) :bMorgan Kaufmann, c2018. axxiv, 693 pages :billustrations (some colour) ;c24 cm. atextbtxt2rdacontent aunmediatedbn2rdamedia avolumebnc2rdacarrier aIncludes index. 1aComputer organization. aComputer engineering. aComputer interfaces. aSystem designxData processing. aComputer architecture. aHennessy, John L.,aauthor.20230123141240.0